Central Library OPAC University of Rajshahi

English verse, old and new : (Record no. 76773)

MARC details
000 -LEADER
fixed length control field 00832nam a22002532a 4500
001 - CONTROL NUMBER
control field 76773
003 - CONTROL NUMBER IDENTIFIER
rucl marc code BD-RjUL
005 - DATE AND TIME OF LATEST TRANSACTION
control field 20211209082901.0
008 - FIXED-LENGTH DATA ELEMENTS--GENERAL INFORMATION
fixed length control field 200119s19481925enk c 000 0 eng d
035 ## - SYSTEM CONTROL NUMBER
System control number OCLC ocm13097590 from D950727M
System control number (BD-RjUL)76997
040 ## - CATALOGING SOURCE
Original cataloging agency DLC
Transcribing agency CLU
Modifying agency CLU
-- EQO
-- BD-RjUL
Language of cataloging eng
041 ## - LANGUAGE CODE
Language code of text/sound track or separate title eng
082 ## - DEWEY DECIMAL CLASSIFICATION NUMBER
Edition number 23
Classification number 821.08
Author mark and year ENG 1948
245 10 - TITLE STATEMENT
Title English verse, old and new :
Remainder of title an anthology /
Statement of responsibility, etc. ed. by G.C.F. Mead and Rupert C. Clift
250 ## - EDITION STATEMENT
Edition statement 3rd. ed.
260 ## - PUBLICATION, DISTRIBUTION, ETC. (IMPRINT)
Place of publication, distribution, etc. Cambridge [Eng.] :
Name of publisher, distributor, etc. The University Press,
Date of publication, distribution, etc. 1925, [reprinted 1948,1958]
300 ## - PHYSICAL DESCRIPTION
Pagination xx, 211, [1] p.
Size 18 cm.
650 #0 - SUBJECT ADDED ENTRY--TOPICAL TERM
Topical term or geographic name as entry element English poetry
General subdivision Collections.
9 (RLIN) 237850
700 1# - ADDED ENTRY--PERSONAL NAME
Personal name Mead, G. C. F.
Fuller form of name (Godfrey Charles Frederick).
Personal name Clift, Rupert Carr.
942 ## - ADDED ENTRY ELEMENTS (KOHA)
Source of classification or shelving scheme Dewey Decimal Classification
Koha item type Books
Holdings
Lost status Source of classification or shelving scheme Damaged status Not for loan Collection code Permanent Location Current Location Shelving location Date acquired Source of acquisition Total Checkouts Full call number Date last seen Copy number Koha item type
  Dewey Decimal Classification     Non-fiction Central Library, University of Rajshahi Central Library, University of Rajshahi   16/04/1966 Australia   821.08 ENG 1958 19/01/2020 C-2 Books
  Dewey Decimal Classification   Not For Loan Non-fiction Central Library, University of Rajshahi Central Library, University of Rajshahi Reading Room 24/04/1966 Australia   821.08 ENG 1948 19/01/2020 C-1 Books
  Dewey Decimal Classification     Non-fiction Central Library, University of Rajshahi Central Library, University of Rajshahi   03/01/1980     821.08 ENG 1948 22/01/2020 C-3 Books